[Event "XVI Carlos Torre Mem"]
[Site "Merida MEX"]
[Date "2003.12.15"]
[Round "4"]
[White "Alayola,J"]
[Black "Watanabe,A"]
[Result "1/2-1/2"]
[WhiteElo "2184"]
[BlackElo "2358"]
[EventDate "2003.12.12"]

1. d4 d5 2. c4 e6 3. Nc3 Nf6 4. Bg5 Be7 5. e3 h6 6. Bh4 O-O 7. Nf3 b6 8.
cxd5 Nxd5 9. Bxe7 Qxe7 10. Nxd5 exd5 11. Rc1 Be6 12. Qa4 c5 13. dxc5 bxc5
14. Qa3 Rc8 15. Be2 Nd7 16. O-O a5 17. Rc2 Kf8 18. Rfc1 Rcb8 19. Ne1 a4 20.
Nd3 c4 21. Qxe7+ Kxe7 22. Nf4 Ne5 23. Bf3 Rb5 24. Rd1 a3 25. bxa3 Nxf3+ 26.
gxf3 Rxa3 27. Ne2 Rba5 28. Nc3 g5 29. Kf1 Bf5 30. e4 dxe4 31. fxe4 Bh3+ 32.
Ke2 Be6 33. Rdd2 g4 34. Nd5+ Bxd5 35. exd5 c3 36. Rd3 Rxa2 37. Rdxc3 Rxc2+
38. Rxc2 Rxd5 39. Rc4 h5 40. Rf4 Ra5 41. h3 gxh3 42. Rh4 Kf6 43. Rxh3 Kg6
44. Kf1 Rg5 45. Rh4 Rg4 46. Rh3 Kg5 47. Ra3 f6 48. Rb3 Kh4 49. Rf3 Kg5 50.
Rh3 h4 51. Rb3 f5 52. Rh3 Rb4 53. Kg2 Kg4 54. Rc3 Rb2 55. Ra3 Rb7 56. Ra4+
Kh5 57. Rf4 Kg5 58. Rf3 Kg4 59. Ra3 Rb2 60. Rc3 h3+ 61. Rxh3 Rxf2+ 62. Kxf2
Kxh3 63. Kf3 1/2-1/2

[Event "XVI Carlos Torre Mem"]
[Site "Merida MEX"]
[Date "2003.12.15"]
[Round "4"]
[White "Predescu,S CAN"]
[Black "Baltazar,R"]
[Result "1-0"]
[WhiteElo "2196"]
[BlackElo "2224"]
[EventDate "2003.12.12"]

1. e4 c5 2. Nf3 d6 3. d4 cxd4 4. Nxd4 Nf6 5. Nc3 a6 6. f3 e5 7. Nb3 Be7 8.
Be3 Be6 9. Qd2 b5 10. g4 h6 11. O-O-O Nc6 12. Nd5 Bxd5 13. exd5 Nb8 14. h4
Nfd7 15. Na5 Qc7 16. Bd3 Nb6 17. Bxb6 Qxb6 18. Be4 Nd7 19. Nc6 a5 20. g5 h5
21. Rhe1 Nc5 22. f4 Nxe4 23. Rxe4 f5 24. gxf6 gxf6 25. fxe5 fxe5 26. Qg2
Bf8 27. Qg6+ Kd7 28. Nxe5+ Kc7 29. Qf7+ Kc8 30. Qd7+ 1-0

[Event "XVI Carlos Torre Mem"]
[Site "Merida MEX"]
[Date "2003.12.15"]
[Round "4"]
[White "Tinajero Tristan,D"]
[Black "Villegas Corona,R"]
[Result "1/2-1/2"]
[WhiteElo "2135"]
[BlackElo "2282"]
[EventDate "2003.12.12"]

1. d4 Nf6 2. Nf3 d5 3. Bf4 c5 4. e3 Bf5 5. Be2 Nc6 6. O-O e6 7. Nbd2 h6 8.
c3 Nh5 9. Ne5 Nxf4 10. exf4 Bd6 11. Bb5 O-O 12. Bxc6 bxc6 13. dxc5 Bxc5 14.
Nb3 Bb6 15. Nxc6 Qd6 16. Ne5 Rac8 17. Qd2 f6 18. Nf3 e5 19. Nh4 Be4 20.
Rfe1 Rfd8 21. Rad1 Qe6 22. h3 g5 23. f5 Qf7 24. Nf3 Bxf3 25. gxf3 Qh5 26.
Kg2 Rc4 27. Qd3 Rh4 28. Rh1 Rf4 29. Rdf1 Qf7 30. Nd2 e4 31. Qe2 Rxf5 32.
fxe4 dxe4 33. Nc4 Qe6 34. Ne3 Bxe3 35. fxe3 Rfd5 36. Rf2 f5 37. Rhf1 f4 38.
exf4 gxf4 39. Kh2 f3 40. Qe3 Qd6+ 41. Kh1 Qg3 42. Rxf3 exf3 43. Rg1 Qxg1+
44. Kxg1 Rg5+ 45. Kf1 Rf8 46. Qe6+ Kg7 47. h4 Rg6 48. Qe7+ Rf7 49. Qe5+ Kh7
50. Qe4 h5 51. Kf2 Kg7 52. Qe5+ Rff6 53. Qe7+ Kg8 54. Qe8+ 1/2-1/2

[Event "XVI Carlos Torre Mem"]
[Site "Merida MEX"]
[Date "2003.12.15"]
[Round "4"]
[White "Hernandez,Ya"]
[Black "Baldursson,Hr"]
[Result "1-0"]
[WhiteElo "2250"]
[BlackElo "2126"]
[EventDate "2003.12.12"]

1. e4 g6 2. d4 Bg7 3. Nf3 c5 4. Nc3 cxd4 5. Nxd4 Nc6 6. Nb3 Nf6 7. Be2 d6
8. O-O O-O 9. f4 Bd7 10. Be3 a6 11. Bf3 Rc8 12. a4 b6 13. Qe2 a5 14. Nd5
Nxd5 15. exd5 Nb8 16. Nd4 Qc7 17. c3 Qc4 18. Qf2 e5 19. dxe6 fxe6 20. Be2
Qc7 21. Qh4 Nc6 22. Nb5 Qb8 23. Rad1 d5 24. Rf3 Bf6 25. Qh6 Ne7 26. Bd3 Rf7
27. Rdf1 Bxb5 28. axb5 Nf5 29. Bxf5 exf5 30. Rd1 Qd6 31. h4 Re8 32. Bd4
Bxd4+ 33. Rxd4 Re1+ 34. Kh2 Re4 35. h5 Rxd4 36. cxd4 Qf6 37. hxg6 hxg6 38.
Rg3 Rg7 39. Rc3 Kf7 40. Qh8 Qe7 41. b3 g5 42. Qh5+ Rg6 43. Rc6 1-0

[Event "XVI Carlos Torre Mem"]
[Site "Merida MEX"]
[Date "2003.12.15"]
[Round "4"]
[White "Lopez,Man MEX"]
[Black "Capo Vidal,U"]
[Result "1/2-1/2"]
[WhiteElo "2086"]
[BlackElo "2206"]
[EventDate "2003.12.12"]

1. e4 c5 2. Nc3 Nc6 3. g3 g6 4. Bg2 Bg7 5. d3 e6 6. Be3 d6 7. Nge2 Rb8 8.
d4 Qa5 9. O-O Nge7 10. f4 O-O 11. d5 exd5 12. exd5 Nd8 13. h3 f5 14. Qd2 b5
15. a3 Qc7 16. b4 Nf7 17. Rfd1 Rd8 18. Rab1 a6 19. a4 cxb4 20. Rxb4 Bd7 21.
axb5 axb5 22. Ra1 Nc8 23. Rab1 Nb6 24. Bf2 Nc4 25. Qd3 Rdc8 26. R1b3 Qa5
27. Nd4 Qa1+ 28. Rb1 Qa3 29. Ndxb5 Bxb5 30. Nxb5 Qxd3 31. cxd3 Nd2 32. Rd1
Bc3 33. Rc4 Nxc4 34. dxc4 Bf6 35. Bf1 Rb7 36. Nd4 Bxd4 37. Bxd4 Rd7 38. Rb1
Nd8 39. Rb6 Nb7 40. g4 Nc5 41. Bf2 Ne4 42. Bd4 Nd2 43. Be2 Nxc4 44. Rc6 Re8
45. Bxc4 fxg4 46. hxg4 Re4 47. Bf6 Rxf4 48. g5 Kf7 49. Bf1 Rxf6 50. gxf6
Kxf6 1/2-1/2

[Event "XVI Carlos Torre Mem"]
[Site "Merida MEX"]
[Date "2003.12.15"]
[Round "4"]
[White "Castillo Delgado,M"]
[Black "Charpenel Elorduy,M"]
[Result "1-0"]
[WhiteElo "1952"]
[BlackElo "2138"]
[EventDate "2003.12.12"]

1. d4 Nf6 2. c4 Nc6 3. Nf3 e6 4. a3 Be7 5. Nc3 d6 6. Bg5 O-O 7. e4 e5 8. d5
Nb8 9. Nd2 Nxd5 10. Bxe7 Nxe7 11. Be2 Nbc6 12. Nb3 b6 13. O-O Ng6 14. Re1
Nf4 15. Bf1 Ne7 16. Nd5 Neg6 17. Nc1 Be6 18. Ne2 f5 19. Nexf4 exf4 20. Qf3
Bxd5 21. exd5 Qg5 22. Qc3 Rae8 23. f3 Ne5 24. b4 Qe7 25. Rac1 g5 26. c5 Rf7
27. a4 bxc5 28. bxc5 g4 29. Be2 Qh4 30. cxd6 cxd6 31. Bb5 Ree7 32. Rf1 h5
33. Qb4 Qf6 34. Qxf4 gxf3 35. gxf3 Ng6 36. Qh6 Rg7 37. Kh1 Qh4 38. Rc8+ Nf8
39. Qxd6 Qh3 40. Rc2 Re1 41. Rcf2 Rxf1+ 42. Bxf1 Qh4 43. Rg2 Rxg2 44. Kxg2
Qxa4 45. Bd3 f4 46. Be4 Qa2+ 47. Kh3 Qf2 48. Qxf4 a5 49. Qg5+ Kf7 50. Qxh5+
Ke7 51. Qe5+ Kd7 52. Bf5+ 1-0

[Event "XVI Carlos Torre Mem"]
[Site "Merida MEX"]
[Date "2003.12.17"]
[Round "6"]
[White "Predescu,S CAN"]
[Black "Garmendez,F"]
[Result "0-1"]
[WhiteElo "2196"]
[BlackElo "2391"]
[EventDate "2003.12.12"]

1. e4 c5 2. Nf3 e6 3. d4 cxd4 4. Nxd4 a6 5. Bd3 Qc7 6. O-O Nf6 7. Be3 h5 8.
h3 b6 9. f4 Bb7 10. Qf3 Nc6 11. Nc3 Nxd4 12. Bxd4 Bc5 13. Qf2 Bxd4 14. Qxd4
d6 15. e5 dxe5 16. fxe5 Rd8 17. Qf4 Nd5 18. Qg5 Nxc3 19. Qxg7 Rf8 20. bxc3
Rd7 21. Bg6 Qc5+ 22. Kh1 fxg6 23. Qxg6+ Kd8 24. Qxe6 Rd2 25. Rxf8+ Qxf8 26.
Qxb6+ Kc8 27. Qe6+ Kc7 28. Qc4+ Kb8 29. Rb1 Qg7 30. Qf1 Qxe5 31. Qf7 Qc7
32. Qf3 Ka8 33. Qf8+ Qc8 34. Qxc8+ Bxc8 35. g4 hxg4 36. hxg4 Bxg4 37. Rb2
Ka7 38. Kg1 Bh3 39. c4 Rg2+ 40. Kh1 Rg5 0-1

[Event "XVI Carlos Torre Mem"]
[Site "Merida MEX"]
[Date "2003.12.17"]
[Round "6"]
[White "Alford,J"]
[Black "Norgaard,J"]
[Result "1/2-1/2"]
[WhiteElo "2277"]
[BlackElo "2406"]
[EventDate "2003.12.12"]

1. e4 e5 2. Nf3 Nc6 3. Bb5 a6 4. Ba4 Nf6 5. O-O b5 6. Bb3 Bb7 7. c3 Nxe4 8.
Re1 Nc5 9. Bd5 Be7 10. d4 exd4 11. Ng5 Ne6 12. Qh5 g6 13. Qh6 Bf6 14. Ne4
Bg7 15. Nd6+ Kf8 16. Nxb7 Qb8 17. Nc5 Nxc5 18. Qf4 f5 19. Qh4 Nd3 20. Bh6
Qd8 21. Bg5 Nxe1 22. Bxd8 Rxd8 23. Bxc6 Re8 24. Bxd7 Nc2 25. Bxe8 Kxe8 26.
Na3 Nxa1 27. cxd4 Kd7 28. g3 c5 29. Qf4 cxd4 30. Qc1 Rc8 31. Qxa1 b4 32.
Qd1 bxa3 33. Qa4+ Rc6 34. Qxa3 Rd6 35. Qd3 Bf6 36. Kf1 Rb6 37. b3 Re6 38.
Qc4 Ke7 39. b4 Rd6 40. Ke2 d3+ 41. Kd2 Kf8 42. a4 Bd8 43. Qc5 Bg5+ 44. f4
Be7 45. b5 Rd8 46. Qc3 axb5 47. axb5 Rd6 48. b6 Rxb6 49. Qh8+ Kf7 50. Qxh7+
Kf6 51. Qh8+ Kf7 52. Kxd3 Rd6+ 53. Ke2 Bf6 54. Qh7+ Bg7 55. h4 Rf6 56. Kf3
Kf8 57. h5 gxh5 58. Qxh5 Rf7 59. Ke3 Rf6 60. Kd3 Rf7 61. Kc4 Rf6 62. Kd5
Rf7 63. Ke6 Rf6+ 64. Kd7 Rf7+ 65. Kd6 Rf6+ 66. Kc5 Rf7 67. Kd5 Rf6 68. Qg5
Kf7 69. Ke5 Rg6+ 70. Kxf5 Rxg5+ 71. Kxg5 Bc3 72. g4 Bd2 73. Kf5 Bc1 74. g5
Bd2 75. Kg4 Ke6 76. f5+ Ke5 77. f6 Ke6 78. Kh5 Kf7 79. Kh6 Be3 80. Kh5 Bd2
81. Kh6 Be3 82. Kh5 Bd2 83. Kh6 Be3 1/2-1/2

[Event "XVI Carlos Torre Mem"]
[Site "Merida MEX"]
[Date "2003.12.17"]
[Round "6"]
[White "Hernandez,Ya"]
[Black "Watanabe,A"]
[Result "0-1"]
[WhiteElo "2250"]
[BlackElo "2358"]
[EventDate "2003.12.12"]

1. e4 c5 2. Nf3 d6 3. d4 cxd4 4. Nxd4 Nf6 5. Nc3 a6 6. Bc4 e6 7. Bb3 b5 8.
O-O Be7 9. Qf3 Qc7 10. Qg3 O-O 11. Bh6 Ne8 12. Rfd1 Bd7 13. a4 b4 14. Nce2
Nc6 15. Be3 Bf6 16. f3 Qb7 17. Nxc6 Bxc6 18. Bd4 Qe7 19. e5 dxe5 20. Bb6
Nc7 21. Qf2 Rfb8 22. Bc5 Qe8 23. Bd6 Rb7 24. Ng3 g6 25. Qe2 e4 26. Nxe4
Bxb2 27. c3 Bxc3 28. Rac1 Bxe4 29. Qxe4 Nd5 30. Rxd5 exd5 31. Bxd5 Qxe4 32.
fxe4 Rc8 33. Kf1 Rb6 34. Be5 Rc5 35. a5 Rbb5 36. Bd6 Rxd5 37. exd5 Rxd5 38.
Bc7 Rd2 39. Rb1 f5 40. h4 Kf7 41. Bf4 Ra2 42. Rd1 b3 43. Rd7+ Ke8 44. Rb7
b2 45. Rb8+ Kd7 46. Rb7+ Ke6 47. Rb6+ Kd5 48. g3 Ra1+ 49. Ke2 b1=Q 50. Rd6+
Kc5 0-1

[Event "XVI Carlos Torre Mem"]
[Site "Merida MEX"]
[Date "2003.12.17"]
[Round "6"]
[White "Martin del Campo,J"]
[Black "Leon Hoyos,M"]
[Result "1/2-1/2"]
[WhiteElo "2223"]
[BlackElo "2303"]
[EventDate "2003.12.12"]

1. b3 e5 2. Bb2 Nc6 3. c4 Nf6 4. e3 Bd6 5. a3 a5 6. d3 O-O 7. Nf3 Re8 8.
Nbd2 Bf8 9. Be2 d5 10. cxd5 Qxd5 11. Qc2 Bg4 12. O-O Rad8 13. Rfe1 Bh5 14.
Rad1 Bg6 15. e4 Qd6 16. Qc3 Nd4 17. Nxd4 exd4 18. Qc2 c6 19. Nf3 Qc5 20.
Qxc5 Bxc5 21. Rc1 Ba7 22. Nd2 Bb6 23. h3 Nd7 24. Nc4 f6 25. Nd6 Re7 26.
Nxb7 Rb8 27. Nd6 Bc5 28. Nc4 Rxb3 29. Rc2 a4 30. Nd2 Rb5 31. Nf3 f5 32.
Bxd4 Bxa3 33. Rxc6 Re8 34. Rc7 Nf6 35. Bxf6 gxf6 36. d4 Rb2 37. Bc4+ Kh8
38. e5 Bb4 39. Ra1 Ba5 40. Ra7 Bb6 41. R7xa4 fxe5 42. dxe5 Bxf2+ 43. Kf1 f4
44. Ra8 Rxa8 45. Rxa8+ Kg7 46. Rg8+ Kh6 47. Rd8 Bc5 48. Rd2 Rb1+ 49. Ke2
Bh5 50. Bd5 Rc1 1/2-1/2

[Event "XVI Carlos Torre Mem"]
[Site "Merida MEX"]
[Date "2003.12.17"]
[Round "6"]
[White "Estrada Nieto,J"]
[Black "Capo Vidal,U"]
[Result "1/2-1/2"]
[WhiteElo "2290"]
[BlackElo "2206"]
[EventDate "2003.12.12"]

1. e4 c5 2. Nf3 Nc6 3. Bb5 e6 4. O-O Nge7 5. Re1 a6 6. Bxc6 Nxc6 7. d4 cxd4
8. Nxd4 Be7 9. Nxc6 dxc6 10. Qg4 O-O 11. e5 f6 12. exf6 Bxf6 13. Nc3 e5 14.
Qc4+ Kh8 15. Be3 Bf5 16. Bc5 Re8 17. Rad1 Qa5 18. Bb4 Qb6 19. Ne4 Bxe4 20.
Rxe4 Rad8 21. Rde1 Rd5 22. Bc3 Rdd8 23. Qe2 Qb5 24. g3 Qxe2 25. R4xe2 Kg8
26. Bxe5 Bxe5 27. Rxe5 Rxe5 28. Rxe5 Rd1+ 29. Kg2 Rb1 30. b3 Rb2 31. Re2
Rxa2 32. Kf3 a5 33. Ke3 a4 34. bxa4 Rxa4 35. Kd3 Kf7 36. c4 Ra3+ 37. Kd4 b5
38. cxb5 cxb5 39. Rb2 Rf3 40. Ke4 Rf6 41. f3 Rb6 42. Kd5 Rf6 43. f4 g5 44.
Ke4 gxf4 45. gxf4 Rd6 46. Rb4 Re6+ 47. Kf3 Rf6 48. Kg4 Rg6+ 49. Kh5 Rb6 50.
h4 Kf6 51. Kg4 Rb7 52. f5 Rb6 53. Kf4 Rb7 54. Kg4 Rb8 55. Kf4 Rb7 56. Kg4
Rb8 57. Kf4 Rb7 1/2-1/2

[Event "XVI Carlos Torre Mem"]
[Site "Merida MEX"]
[Date "2003.12.17"]
[Round "6"]
[White "Garcia Correa,J"]
[Black "Villegas Corona,R"]
[Result "1-0"]
[WhiteElo "2194"]
[BlackElo "2282"]
[EventDate "2003.12.12"]

1. d4 Nf6 2. Bg5 Ne4 3. Bf4 c5 4. f3 Qa5+ 5. c3 Nf6 6. d5 Qb6 7. b3 d6 8.
e4 g6 9. Nd2 Bg7 10. Nc4 Qd8 11. Qd2 b5 12. Nb2 a6 13. a4 b4 14. cxb4 cxb4
15. Ne2 a5 16. Bh6 O-O 17. Bxg7 Kxg7 18. Nd4 e6 19. dxe6 fxe6 20. O-O-O d5
21. exd5 Nxd5 22. Bc4 Qc7 23. Nb5 Qc6 24. Qd4+ Kg8 25. Nd3 Nd7 26. Ne5 Nxe5
27. Qxe5 Rf5 28. Qd6 Qe8 29. g4 Ra6 30. Qg3 Rf8 31. Nd6 Qc6 32. Ne4 Nc3 33.
Nxc3 bxc3 34. Bxa6 Bxa6 35. Qd6 Qxf3 36. Qxe6+ Kh8 37. Qe5+ Kg8 38. Rhe1
Qf2 39. Qd5+ Rf7 40. Re8+ Kg7 41. Qd4+ Kh6 42. Qxf2 Rxf2 43. h4 Be2 44. Rd4
1-0

[Event "XVI Carlos Torre Mem"]
[Site "Merida MEX"]
[Date "2003.12.17"]
[Round "6"]
[White "Berry,J"]
[Black "Ibarra Chami,L"]
[Result "1-0"]
[WhiteElo "2269"]
[BlackElo "2091"]
[EventDate "2003.12.12"]

1. c4 g6 2. g3 Bg7 3. Bg2 Nf6 4. Nc3 e5 5. d3 O-O 6. e4 Nc6 7. Nge2 d6 8.
O-O Nh5 9. f4 exf4 10. Nxf4 Nxf4 11. Bxf4 Nd4 12. Qd2 c6 13. Kh1 Be6 14.
Bh6 f5 15. Bxg7 Kxg7 16. Rf2 Qd7 17. Raf1 fxe4 18. Rxf8 Rxf8 19. Rxf8 Kxf8
20. Qf2+ Nf5 21. dxe4 Bxc4 22. exf5 Qxf5 23. Qxa7 b5 24. Qb8+ Kg7 25. Qxd6
Bd5 26. Qc7+ 1-0

[Event "XVI Carlos Torre Mem"]
[Site "Merida MEX"]
[Date "2003.12.17"]
[Round "6"]
[White "Ancheyta,T"]
[Black "Baldursson,Hr"]
[Result "1-0"]
[WhiteElo "2290"]
[BlackElo "2126"]
[EventDate "2003.12.12"]

1. e4 g6 2. d4 Bg7 3. Nf3 c5 4. dxc5 Qa5+ 5. c3 Qxc5 6. Be3 Qa5 7. Nbd2 Nf6
8. Nb3 Qc7 9. Bd3 O-O 10. O-O Nc6 11. Qd2 d6 12. h3 Rd8 13. Bh6 Ne5 14.
Nxe5 dxe5 15. Bxg7 Kxg7 16. Qe3 Nh5 17. Rfd1 b6 18. Be2 Nf4 19. Rxd8 Qxd8
20. Bc4 Qd6 21. Qf3 Qf6 22. Kh2 Bb7 23. Rd1 Rc8 24. Nd2 Rd8 25. g3 Nh5 26.
Qe2 Qc6 27. Bb3 Qc7 28. Qc4 Qxc4 29. Nxc4 Rxd1 30. Bxd1 Bxe4 31. Nxe5 f6
32. Nf3 Bd5 33. b3 Kf7 34. Nd4 e5 35. Nb5 a5 36. c4 Bc6 37. Nd6+ Ke6 38.
Nc8 Ng7 39. a3 b5 40. Na7 b4 41. axb4 Bd7 42. bxa5 Kd6 43. b4 Ne6 44. Nb5+
Bxb5 45. cxb5 Nd4 46. Ba4 Nf3+ 47. Kh1 Kc7 48. b6+ Kb7 49. Bb3 Nd4 50. Bd5+
Ka6 51. b5+ Nxb5 52. Bc4 Kxa5 53. b7 Nd6 54. b8=Q Nxc4 55. Qd8+ 1-0

[Event "XVI Carlos Torre Mem"]
[Site "Merida MEX"]
[Date "2003.12.17"]
[Round "6"]
[White "Castillo Delgado,M"]
[Black "Huerta,R"]
[Result "0-1"]
[WhiteElo "1952"]
[BlackElo "2288"]
[EventDate "2003.12.12"]

1. d4 c5 2. e3 cxd4 3. exd4 d5 4. Nf3 Nf6 5. c4 g6 6. Nc3 Bg7 7. Qb3 O-O 8.
cxd5 Nbd7 9. Bc4 Nb6 10. d6 Nxc4 11. Qxc4 Qxd6 12. Nb5 Qa6 13. Ne5 Be6 14.
Qe2 Rac8 15. Be3 Nd5 16. a4 Nb4 17. Nc3 Bxe5 18. dxe5 Bc4 19. Qg4 Nc2+ 20.
Kd2 Be6 21. Qh4 Rfd8+ 22. Kxc2 Qd3+ 23. Kc1 Rxc3+ 24. bxc3 Qxc3+ 25. Kb1
Qb3+ 0-1

[Event "XVI Carlos Torre Mem"]
[Site "Merida MEX"]
[Date "2003.12.17"]
[Round "6"]
[White "Santos Cabanas,C"]
[Black "Charpenel Elorduy,M"]
[Result "1/2-1/2"]
[WhiteElo "2034"]
[BlackElo "2138"]
[EventDate "2003.12.12"]

1. e4 Nc6 2. Nf3 g6 3. d4 Bg7 4. Nc3 d6 5. h3 Nf6 6. Be3 O-O 7. Qd2 Re8 8.
O-O-O a6 9. g4 b5 10. g5 Nd7 11. d5 Na5 12. Bd4 Bf8 13. e5 Nb6 14. b3 c5
15. dxc6 Nxc6 16. Bxb6 Qxb6 17. exd6 exd6 18. Nd5 Qd8 19. Nf6+ Kh8 20. Nxe8
Qxe8 21. Re1 Be6 22. Bg2 Rc8 23. Nd4 Nxd4 24. Qxd4+ Bg7 25. Qxd6 Rd8 26.
Bc6 Qg8 27. Qe7 Bf8 28. Qf6+ Bg7 29. Qe7 Bf8 30. Qf6+ Bg7 31. Qe7 Rc8 32.
Bd7 Bf8 33. Qf6+ Bg7 34. Qe7 Bf8 35. Qf6+ Bg7 1/2-1/2

[Event "XVI Carlos Torre Mem"]
[Site "Merida MEX"]
[Date "2003.12.17"]
[Round "6"]
[White "Lopez,Man MEX"]
[Black "Garmendez Gonzalez,C"]
[Result "1-0"]
[WhiteElo "2086"]
[BlackElo "2242"]
[EventDate "2003.12.12"]

1. e4 c5 2. Nc3 Nf6 3. e5 Ng8 4. Nf3 e6 5. d4 b6 6. d5 Bb7 7. d6 g6 8. Bg5
Qc8 9. Be2 Bg7 10. Nb5 Na6 11. h4 f6 12. Bf4 Qc6 13. Qd2 f5 14. h5 1-0